000 01100nam a22003497a 4500
001 3449652
003 OSt
005 20210421062858.0
008 920521s1992 nyu 000 0aeng
010 _a 92018526
020 _a031208188X (hardcover) :
040 _aeng
_cDLC
_deng
_beng
041 _aeng
043 _ae-uk-en
050 0 0 _aSF613.H44
_bA288 1992
080 _a821.111
_bH-58
082 0 0 _a636.089/092
_aB
_220
100 1 _aHerriot, James.
245 1 0 _aEvery living thing /
_cJames Herriot.
250 _a1st ed.
260 _aNew York :
_bSt. Martin's Press,
_c1992.
300 _a342 p. ;
_c25 cm.
365 _b22.95 usd
600 1 0 _aHerriot, James.
650 0 _aVeterinarians
_zEngland
_zYorkshire
_xBiography.
650 0 _aEnglish literature
_9247
653 _aინგლისური ლიტერატურა
653 _aვეტერინარია
906 _a7
_bcbc
_corignew
_d1
_eocip
_f19
_gy-gencatlg
942 _2udc
_cBK
_e1
999 _c642
_d642